000 00690nam a22002177a 4500
003 OSt
005 20160523150648.0
008 151202b xxu||||| |||| 00| 0 eng d
020 _a9710871331
082 _aDFil 339
_bV65m
_22011
100 _91018
_aViray, Edilberto B.
245 _aMacro Economics Simplified/
_cEdilberto B. Viray
260 _aMandaluyong City:
_bNational Book Store,
_cc2011.
300 _axii, 261 pages;
_c25 cm
500 _aIncludes bibliography, glossary & index
650 0 _98790
_aMacroeconomics.
700 _98791
_aMarcelino, Ramon Benedicto N.
700 _98792
_aMalveda, Lucky Raymundo M.
700 _98793
_aAvila-Bato, Ma. Jesus
942 _2ddc
_cDFIL
999 _c406
_d406